湖南省市辖区 - Statistics

General Stats
  • This quiz has been taken 18 times
  • The average score is 26 of 36
Answers on the Map
Answers color-coded by a green-red scale on the quiz's map according to % correct below.
 
Answer Stats
Answer % Correct
芙蓉区
100%
天心区
100%
开福区
100%
雨花区
100%
岳麓区
92%
蒸湘区
92%
南岳区
92%
岳阳楼区
92%
冷水滩区
92%
望城区
83%
珠晖区
83%
雁峰区
83%
武陵区
83%
武陵源区
83%
零陵区
83%
芦淞区
75%
天元区
75%
石鼓区
75%
苏仙区
75%
君山区
67%
荷塘区
58%
石峰区
58%
渌口区
58%
雨湖区
58%
岳塘区
58%
赫山区
58%
北湖区
58%
娄星区
58%
大祥区
50%
鼎城区
50%
永定区
50%
资阳区
50%
鹤城区
50%
双清区
42%
北塔区
42%
云溪区
33%
No matching quizzes found
Score Distribution
Percent of People with Each Score
Percentile by Number Answered
Your Score History
You have not taken this quiz